[Event "V Floripa Open 2019"]
[Site "Florianopolis"]
[Date "2019.01.22"]
[Round "2.116"]
[White "Blau, Vitoria Caroline"]
[Black "Souza, Rodrigo Vilas Boas "]
[Result "0-1"]
[WhiteElo "1339"]
[BlackElo "1924"]
[PlyCount "68"]
[EventDate "2019.01.21"]
[EventType "swiss"]
[EventRounds "10"]
[EventCountry "BRA"]

1. d4 Nf6 2. c4 g6 3. Nc3 Bg7 4. e4 d6 5. Nf3 O-O 6. Be2 e5 7. d5 a5 8. O-O Nbd7 9. Be3 Ng4 10. Bg5 f6 11. Bd2 Nc5 12. b3 f5 13. Qc2 fxe4 14. Ne1 Qh4 15. Bxg4 Bxg4 16. Be3 Bf5 17. g3 Qh5 18. Ng2 Nd3 19. Nb5 Rf7 20. c5 dxc5 21. Bxc5 Bh3 22. Rfd1 Bxg2 23. Kxg2 Qf3+ 24. Kg1 Bh6 25. Rf1 Nxc5 26. Qxc5 e3 27. h3 e2 28. Rfe1 b6 29. Qc4 Qxf2+ 30. Kh1 Qxg3 31. Rxe2 Bf4 32. d6 Qxh3+ 33. Kg1 Be3+ 34. Rf2 Bxf2# 0-1

[Event "V Floripa Open 2019"]
[Site "Florianopolis"]
[Date "2019.01.22"]
[Round "2.117"]
[White "Moura, Paulo Jorge Alves B"]
[Black "Kim, Andre"]
[Result "1-0"]
[WhiteElo "1916"]
[BlackElo "1277"]
[PlyCount "37"]
[EventDate "2019.01.21"]
[EventType "swiss"]
[EventRounds "10"]
[EventCountry "BRA"]

1. d4 d5 2. c4 Nf6 3. Nc3 e6 4. Bg5 Be7 5. e3 Nc6 6. Nf3 O-O 7. Bd3 Re8 8. O-O h6 9. Bh4 b6 10. Rc1 Bb7 11. a3 Rc8 12. Re1 Qd7 13. b4 Red8 14. Qc2 Kf8 15. h3 Kg8 16. cxd5 exd5 17. Bf5 Qd6 18. Nb5 Qxb4 19. axb4 1-0

[Event "V Floripa Open 2019"]
[Site "Florianopolis"]
[Date "2019.01.22"]
[Round "2.118"]
[White "Barbosa, Flavio Novais"]
[Black "Ferreira, Angelo Augusto Pach"]
[Result "1-0"]
[WhiteElo "1886"]
[BlackElo "1286"]
[PlyCount "91"]
[EventDate "2019.01.21"]
[EventType "swiss"]
[EventRounds "10"]
[EventCountry "BRA"]

1. d4 d5 2. Nf3 c6 3. c3 Bf5 4. Bf4 Nf6 5. e3 e6 6. Be2 Bd6 7. Ne5 O-O 8. Nd2 Bxe5 9. Bxe5 Nbd7 10. Bg3 c5 11. Bd6 Re8 12. dxc5 Rc8 13. Bb5 a6 14. Ba4 b5 15. cxb6 Qxb6 16. Ba3 Bd3 17. Nf3 Bb5 18. Bxb5 axb5 19. O-O Ng4 20. Qd4 Qxd4 21. cxd4 Rb8 22. Bb4 Rec8 23. h3 Ngf6 24. Rfc1 Rc4 25. b3 Rcc8 26. Kf1 Ne4 27. Ke2 f6 28. Nd2 Nxd2 29. Kxd2 Kf7 30. Bd6 Rxc1 31. Rxc1 Rb6 32. Bb4 Ke8 33. Rc8+ Kf7 34. Kc3 Rb8 35. Rc7 Ke8 36. Bd6 Rb6 37. Rc8+ Kf7 38. Bc5 Rb7 39. Kb4 Nxc5 40. Rxc5 Ra7 41. a3 Rb7 42. Rxb5 Rc7 43. a4 Rc2 44. a5 Rxf2 45. a6 Ra2 46. Ra5 1-0

[Event "V Floripa Open 2019"]
[Site "Florianopolis"]
[Date "2019.01.22"]
[Round "2.119"]
[White "Mesquita, Guilherme"]
[Black "Novello, Gabriela Brasil"]
[Result "1-0"]
[WhiteElo "1850"]
[BlackElo "1186"]
[PlyCount "63"]
[EventDate "2019.01.21"]
[EventType "swiss"]
[EventRounds "10"]
[EventCountry "BRA"]

1. e4 e5 2. Bc4 Nf6 3. d3 Bc5 4. Nf3 Nc6 5. c3 d5 6. exd5 Nxd5 7. b4 Bb6 8. Bxd5 Qxd5 9. c4 Qe6 10. c5 Bxc5 11. bxc5 e4 12. dxe4 Qf6 13. e5 Nxe5 14. Nxe5 Qxe5+ 15. Qe2 Qxe2+ 16. Kxe2 O-O 17. Be3 Re8 18. Nc3 c6 19. Rhd1 b6 20. Kf1 b5 21. Rd6 Bb7 22. Rd7 Ba6 23. Kg1 b4 24. Nb1 Bc4 25. Nd2 Be6 26. Rd4 a5 27. Nc4 Bxc4 28. Rxc4 Rab8 29. Kf1 Re7 30. Rd4 Rb5 31. Rd8+ Re8 32. Rxe8# 1-0

[Event "V Floripa Open 2019"]
[Site "Florianopolis"]
[Date "2019.01.22"]
[Round "2.120"]
[White "Fernandez, Tatiane Cristina Co"]
[Black "Schadeck, Horst"]
[Result "1-0"]
[WhiteElo "1835"]
[BlackElo "2091"]
[PlyCount "30"]
[EventDate "2019.01.21"]
[EventType "swiss"]
[EventRounds "10"]
[EventCountry "BRA"]

1. e4 e6 2. Nf3 d5 3. Nc3 c5 4. exd5 exd5 5. d4 Nf6 6. Bg5 Be6 7. dxc5 Qa5 8. Bxf6 gxf6 9. Qd4 Nd7 10. b4 Qd8 11. Nxd5 Rg8 12. Nf4 Bg7 13. Nxe6 fxe6 14. Rd1 f5 15. Qe3 Qf6 1-0

[Event "V Floripa Open 2019"]
[Site "Florianopolis"]
[Date "2019.01.22"]
[Round "2.121"]
[White "Gallardo Rojel, Alejandro"]
[Black "Morato, Saulo Duenas"]
[Result "1/2-1/2"]
[WhiteElo "1793"]
[BlackElo "1770"]
[PlyCount "59"]
[EventDate "2019.01.21"]
[EventType "swiss"]
[EventRounds "10"]
[EventCountry "BRA"]

1. c4 e5 2. Nc3 Nc6 3. Nf3 Bc5 4. Ne4 d6 5. Nxc5 dxc5 6. d3 Be6 7. Ng5 Qe7 8. Nxe6 Qxe6 9. g3 Nge7 10. Bg2 f6 11. O-O Rd8 12. Be3 b6 13. Qa4 O-O 14. a3 a5 15. Rad1 Qd7 16. Rfe1 Nd4 17. Qxd7 Rxd7 18. Bxd4 cxd4 19. b4 c6 20. bxa5 bxa5 21. Rb1 Ra7 22. Rb6 Rc8 23. Reb1 Rcc7 24. a4 Kf7 25. g4 Ke6 26. Be4 g6 27. Bg2 Kd6 28. Kf1 Kc5 29. Ke1 f5 30. h3 1/2-1/2

[Event "V Floripa Open 2019"]
[Site "Florianopolis"]
[Date "2019.01.22"]
[Round "2.122"]
[White "Reis, Virginia Lagrange M"]
[Black "Vidal, Yuri Vinicius Sevul"]
[Result "1/2-1/2"]
[WhiteElo "1788"]
[BlackElo "1800"]
[PlyCount "55"]
[EventDate "2019.01.21"]
[EventType "swiss"]
[EventRounds "10"]
[EventCountry "BRA"]

1. e4 c5 2. Nf3 Nc6 3. Bb5 Nf6 4. Nc3 e6 5. O-O Be7 6. d4 cxd4 7. Nxd4 O-O 8. Be3 a6 9. Bxc6 bxc6 10. e5 Nd5 11. Nxd5 cxd5 12. f4 Bb7 13. f5 exf5 14. Nxf5 Bg5 15. Bc5 Re8 16. Nd6 Rxe5 17. Nxf7 Qa5 18. b4 Qc7 19. Nxe5 Qxe5 20. Qf3 Bf6 21. Rae1 Qb2 22. Qg4 Bc6 23. Kh1 Kh8 24. Be7 Bc3 25. Qf4 h6 26. Rd1 Be5 27. Qh4 d4 28. Qh5 1/2-1/2

[Event "V Floripa Open 2019"]
[Site "Florianopolis"]
[Date "2019.01.22"]
[Round "2.123"]
[White "Peroza, Eduardo Antunes"]
[Black "Novello, Juliana Brasil"]
[Result "1-0"]
[WhiteElo "1745"]
[BlackElo "1725"]
[PlyCount "75"]
[EventDate "2019.01.21"]
[EventType "swiss"]
[EventRounds "10"]
[EventCountry "BRA"]

1. e4 e5 2. Nc3 Nf6 3. Bc4 Nc6 4. d3 Bb4 5. Nge2 O-O 6. O-O d6 7. f4 Bg4 8. h3 Bd7 9. g4 h6 10. Ng3 Qe7 11. g5 Nh7 12. Nd5 Qd8 13. g6 fxg6 14. Nxb4+ Kh8 15. Nxc6 bxc6 16. Kg2 Qh4 17. f5 gxf5 18. exf5 Rf6 19. Qg4 Qxg4 20. hxg4 d5 21. Bb3 Re8 22. Bd2 Kg8 23. Ne4 Rf7 24. Nc5 Bc8 25. Kg3 Kf8 26. Rae1 Rfe7 27. Bb4 Kg8 28. Ba4 Nf6 29. Bxc6 Rd8 30. Ne6 Rxe6 31. fxe6 Bxe6 32. Rxe5 Bxg4 33. Be7 Rb8 34. Bxf6 gxf6 35. Rxf6 Bd1 36. Re7 Rc8 37. Bxd5+ Kh8 38. Rxh6# 1-0

[Event "V Floripa Open 2019"]
[Site "Florianopolis"]
[Date "2019.01.22"]
[Round "2.124"]
[White "Duarte, Giovanna Torqui"]
[Black "Bonfim, Regina Rodrigues"]
[Result "0-1"]
[WhiteElo "1673"]
[BlackElo "1708"]
[PlyCount "64"]
[EventDate "2019.01.21"]
[EventType "swiss"]
[EventRounds "10"]
[EventCountry "BRA"]

1. d4 d5 2. Nf3 Nf6 3. e3 Bg4 4. Be2 e6 5. Nc3 c6 6. Bd3 Bd6 7. Bd2 Nbd7 8. h3 Bh5 9. g4 Bg6 10. h4 Nxg4 11. h5 Bxd3 12. cxd3 Ngf6 13. Qc2 e5 14. O-O-O Qe7 15. Nh4 Qe6 16. Ng6 fxg6 17. hxg6 O-O-O 18. Ne2 Kb8 19. Rh2 hxg6 20. Rdh1 Rxh2 21. Rxh2 c5 22. Qd1 Rc8 23. Qh1 Nh5 24. Ng3 cxd4+ 25. Kb1 dxe3 26. Ba5 b6 27. Bc3 exf2 28. Bd2 Nxg3 29. Be1 Nxh1 30. Rxh1 fxe1=Q+ 31. Rxe1 Qf5 32. Rd1 Nc5 0-1

[Event "V Floripa Open 2019"]
[Site "Florianopolis"]
[Date "2019.01.22"]
[Round "2.126"]
[White "Duarte, Leonardo Torqui"]
[Black "Teramoto, Anderson"]
[Result "0-1"]
[WhiteElo "1627"]
[BlackElo "1659"]
[PlyCount "66"]
[EventDate "2019.01.21"]
[EventType "swiss"]
[EventRounds "10"]
[EventCountry "BRA"]

1. e4 c6 2. Nf3 d5 3. d3 dxe4 4. dxe4 Qxd1+ 5. Kxd1 Bg4 6. h3 Bh5 7. g4 Bg6 8. Bd3 e6 9. Bf4 Nf6 10. e5 Nd5 11. Bd2 Bc5 12. Bxg6 hxg6 13. a3 Bxf2 14. c4 Nb6 15. b3 N8d7 16. Bc3 Nc5 17. Nfd2 O-O-O 18. Bb4 Nxb3 19. Ra2 Nxc4 20. Rc2 Ne3+ 21. Ke2 Nxc2 22. Kxf2 Nxb4 23. axb4 Nxd2 24. Nxd2 Rxd2+ 25. Kg3 Rb2 26. g5 Rxb4 27. h4 a5 28. Ra1 a4 29. Ra2 Rhxh4 30. Kf3 Rb3+ 31. Kf2 Rh2+ 32. Kg1 Rxa2 33. Kh1 Rb1# 0-1

[Event "V Floripa Open 2019"]
[Site "Florianopolis"]
[Date "2019.01.22"]
[Round "2.127"]
[White "Souza, Adwilhans Luciano"]
[Black "Ibanez, Jorge Llivi"]
[Result "1-0"]
[WhiteElo "2368"]
[BlackElo "1549"]
[PlyCount "77"]
[EventDate "2019.01.21"]
[EventType "swiss"]
[EventRounds "10"]
[EventCountry "BRA"]

1. e4 e5 2. Nf3 Nc6 3. Bb5 Bc5 4. O-O d6 5. c3 Bd7 6. d4 exd4 7. cxd4 Bb6 8. Nc3 Nge7 9. h3 h6 10. Re1 O-O 11. Bc4 Ng6 12. Nd5 Nce7 13. Nxb6 axb6 14. a3 c6 15. Bb3 Qc7 16. Qc2 c5 17. Bd2 Qc8 18. Qd3 b5 19. Qe3 b6 20. Rac1 Qb7 21. Kh2 Rae8 22. Bc3 Qb8 23. Kg1 Be6 24. Bc2 d5 25. dxc5 dxe4 26. Bxe4 bxc5 27. Qxc5 Rd8 28. Nd4 Bd7 29. Ba5 Rc8 30. Bc7 Rxc7 31. Qxc7 Qxc7 32. Rxc7 Rd8 33. Bf3 Nf5 34. Rxd7 Rxd7 35. Nxf5 Rd2 36. Re2 Rd1+ 37. Kh2 Rb1 38. Nd6 Nf4 39. Re8+ 1-0

[Event "V Floripa Open 2019"]
[Site "Florianopolis"]
[Date "2019.01.22"]
[Round "2.128"]
[White "Guimaraes, Wagner Peixoto"]
[Black "Girona, Martin"]
[Result "1-0"]
[WhiteElo "2240"]
[BlackElo "1548"]
[PlyCount "67"]
[EventDate "2019.01.21"]
[EventType "swiss"]
[EventRounds "10"]
[EventCountry "BRA"]

1. e4 e6 2. d4 d5 3. Nc3 dxe4 4. Nxe4 Nd7 5. Nf3 Ngf6 6. Nxf6+ Nxf6 7. c3 c5 8. Ne5 cxd4 9. Bb5+ Bd7 10. Nxd7 Nxd7 11. Qxd4 a6 12. Ba4 b5 13. Bc2 Nf6 14. Be3 Qxd4 15. Bxd4 Be7 16. O-O O-O 17. a4 b4 18. a5 bxc3 19. Bxc3 Rfc8 20. Bd3 Bc5 21. Rfc1 Bd4 22. Bxd4 Rd8 23. Rc6 Rxd4 24. Bxa6 h6 25. Rc8+ Rd8 26. Rxd8+ Rxd8 27. Bb7 Nd5 28. g3 Nc7 29. a6 Kf8 30. a7 Na8 31. Rb1 Ke7 32. Bf3 Nc7 33. Rc1 Kd6 34. Rxc7 1-0

[Event "V Floripa Open 2019"]
[Site "Florianopolis"]
[Date "2019.01.22"]
[Round "2.129"]
[White "Niehues, Luiz Cesar"]
[Black "Souza, Rafael Cabral De"]
[Result "0-1"]
[WhiteElo "1540"]
[BlackElo "2142"]
[PlyCount "56"]
[EventDate "2019.01.21"]
[EventType "swiss"]
[EventRounds "10"]
[EventCountry "BRA"]

1. d4 g6 2. c4 Bg7 3. Nc3 d6 4. e4 Nc6 5. Be3 Nf6 6. Be2 O-O 7. h4 e5 8. d5 Nd4 9. Bxd4 exd4 10. Qxd4 Re8 11. Qd3 Qe7 12. f3 Nh5 13. O-O-O Ng3 14. Nh3 Nxh1 15. Rxh1 Qxh4 16. Nb5 Qe7 17. Nf2 a6 18. Nc3 b5 19. f4 bxc4 20. Qf3 Rb8 21. g4 Qf6 22. g5 Qd4 23. f5 Rxb2 24. Kxb2 Qd2+ 25. Kb1 Bxc3 26. Nd1 Bd4 27. Bxc4 Rxe4 28. Bb3 Bxf5 0-1

[Event "V Floripa Open 2019"]
[Site "Florianopolis"]
[Date "2019.01.22"]
[Round "2.131"]
[White "Medeiros, Thauane Ferreira"]
[Black "Sarda, Pedro Sada"]
[Result "1-0"]
[WhiteElo "1985"]
[BlackElo "1539"]
[PlyCount "75"]
[EventDate "2019.01.21"]
[EventType "swiss"]
[EventRounds "10"]
[EventCountry "BRA"]

1. d4 Nf6 2. Bg5 d5 3. e3 c5 4. c3 Ne4 5. Bf4 Nc6 6. Nd2 Qb6 7. Nxe4 dxe4 8. Qc2 e6 9. Rb1 cxd4 10. exd4 f5 11. f3 exf3 12. Nxf3 Be7 13. Bd3 Bd7 14. O-O Rc8 15. Qe2 O-O 16. Kh1 Bf6 17. Bc4 Ne7 18. Rfe1 Ng6 19. Bg3 Rfe8 20. Bb3 Kh8 21. Qd2 Qa6 22. Be5 Nxe5 23. dxe5 Bh4 24. Nxh4 Bc6 25. Rbd1 Qb6 26. Qe3 Qc7 27. Qh3 Qf7 28. Nf3 h6 29. Nd4 Kh7 30. Re2 Re7 31. Nxf5 Rd7 32. Nd6 Rcd8 33. Qd3+ Qg6 34. Qxg6+ Kxg6 35. Bxe6 Re7 36. Bf5+ Kh5 37. Re3 Rf8 38. Rd4 1-0

[Event "V Floripa Open 2019"]
[Site "Florianopolis"]
[Date "2019.01.22"]
[Round "2.132"]
[White "Costa, Pedro Henrique"]
[Black "Stasaitits, Tiago"]
[Result "1-0"]
[WhiteElo "1978"]
[BlackElo "1528"]
[PlyCount "51"]
[EventDate "2019.01.21"]
[EventType "swiss"]
[EventRounds "10"]
[EventCountry "BRA"]

1. d4 Nf6 2. c4 e6 3. Nc3 d5 4. Bg5 Be7 5. e3 a6 6. Nf3 dxc4 7. Bxc4 b5 8. Bd3 Bb7 9. O-O Nbd7 10. Rc1 Rc8 11. a3 c5 12. Qe2 O-O 13. Rfd1 Qc7 14. Bb1 c4 15. Qc2 Bxf3 16. gxf3 g6 17. e4 Nb6 18. f4 Rfe8 19. Qe2 Nh5 20. Qg4 f6 21. Bh6 Kf7 22. f5 exf5 23. exf5 Rg8 24. fxg6+ hxg6 25. d5 Bd6 26. Qe6# 1-0

[Event "V Floripa Open 2019"]
[Site "Florianopolis"]
[Date "2019.01.22"]
[Round "2.133"]
[White "Cardoso, Andre Felipe De Lim"]
[Black "De Oliveira, John Richard Aparec"]
[Result "1-0"]
[WhiteElo "1948"]
[BlackElo "1515"]
[PlyCount "85"]
[EventDate "2019.01.21"]
[EventType "swiss"]
[EventRounds "10"]
[EventCountry "BRA"]

1. e4 e6 2. d4 d5 3. Nc3 dxe4 4. Nxe4 Nd7 5. Nf3 Ngf6 6. Nxf6+ Nxf6 7. Bd3 Be7 8. O-O b6 9. Qe2 Bb7 10. Rd1 O-O 11. Bf4 Qc8 12. c4 c5 13. d5 Nh5 14. Bg5 f6 15. Bd2 Bd6 16. Ng5 g6 17. Nxh7 Bxh2+ 18. Kf1 f5 19. Nxf8 Kxf8 20. Qxe6 Qxe6 21. dxe6 Bf4 22. g3 Bxd2 23. Rxd2 Ke7 24. Re1 Ng7 25. Bxf5 gxf5 26. Rd7+ Kf6 27. Rf7+ Kg6 28. Rxb7 Kf6 29. e7 Ne6 30. Rd7 Rh8 31. Kg2 Re8 32. Rxa7 Rxe7 33. Rxe7 Kxe7 34. Kf3 Kf6 35. Rxe6+ Kxe6 36. Kf4 Kf6 37. f3 Ke6 38. g4 fxg4 39. fxg4 Kf6 40. g5+ Ke6 41. Ke4 Kd6 42. g6 Ke6 43. g7 1-0

[Event "V Floripa Open 2019"]
[Site "Florianopolis"]
[Date "2019.01.22"]
[Round "2.134"]
[White "Santana Freitas, Maria Eduarda"]
[Black "Dias, Joao Batista"]
[Result "1/2-1/2"]
[WhiteElo "1486"]
[BlackElo "1873"]
[PlyCount "129"]
[EventDate "2019.01.21"]
[EventType "swiss"]
[EventRounds "10"]
[EventCountry "BRA"]

1. e4 g6 2. d4 c5 3. d5 Bg7 4. Nf3 d6 5. Bd3 e6 6. O-O Ne7 7. Nc3 O-O 8. Bc4 e5 9. Be3 a6 10. a4 f5 11. Bxc5 Qc7 12. Ba3 Qxc4 13. Bxd6 fxe4 14. Nd2 Qd4 15. Bxe7 Rf7 16. Bg5 Qb4 17. Ncxe4 Bf5 18. Ng3 Qxb2 19. Nxf5 Rxf5 20. Be3 Qb4 21. Nb3 Nd7 22. a5 Rc8 23. Rb1 Qc3 24. d6 Qc6 25. Qd2 Bf8 26. Rfd1 Rf6 27. Qd5+ Qxd5 28. Rxd5 Rxc2 29. Nc5 Rxc5 30. Bxc5 Nxc5 31. Rxc5 Rxd6 32. Rxe5 Rd7 33. Kf1 Kf7 34. Ke2 Be7 35. Rb6 Bd8 36. Rb3 Kf6 37. Rc5 Be7 38. Rc2 Bd8 39. Rcb2 Re7+ 40. Kf3 Re5 41. Rxb7 Bxa5 42. Ra7 Rf5+ 43. Ke4 Bc3 44. Rxa6+ Kg5 45. Rb3 Be5 46. Ra5 Bxh2 47. Rxf5+ gxf5+ 48. Kf3 Bd6 49. Rb5 h5 50. g3 Bc7 51. Kg2 Kg4 52. Rb7 Be5 53. Re7 Bf6 54. Re6 Kg5 55. Kf3 Bd4 56. Re8 Bc5 57. Rg8+ Kf6 58. Ke2 Be7 59. Kd3 Kf7 60. Rc8 h4 61. Rc7 hxg3 62. fxg3 Ke6 63. Ke3 Bd6 64. Rc6 Kd5 65. Rxd6+ 1/2-1/2

[Event "V Floripa Open 2019"]
[Site "Florianopolis"]
[Date "2019.01.22"]
[Round "2.135"]
[White "Caribe Santos, Luiz Carlos"]
[Black "Silva, Janderson Rossi Da"]
[Result "0-1"]
[WhiteElo "1471"]
[BlackElo "1850"]
[PlyCount "101"]
[EventDate "2019.01.21"]
[EventType "swiss"]
[EventRounds "10"]
[EventCountry "BRA"]

1. d4 Nf6 2. c4 e6 3. Nc3 d5 4. Nf3 Bb4 5. cxd5 Nxd5 6. Bd2 O-O 7. e3 b6 8. Bd3 Bb7 9. O-O Nxc3 10. Bxc3 Bxc3 11. bxc3 Nd7 12. Re1 c5 13. Nd2 e5 14. Be4 Qc7 15. Qf3 Bxe4 16. Qxe4 exd4 17. cxd4 Nf6 18. Qc2 Rac8 19. Rac1 Qb7 20. Qb2 cxd4 21. exd4 Rfd8 22. Nf3 Rxc1 23. Rxc1 Rc8 24. h3 Rxc1+ 25. Qxc1 h6 26. Qc4 b5 27. Qe2 a5 28. Qe5 Qd5 29. Qe2 b4 30. Qc2 Ne4 31. Qb3 Qxb3 32. axb3 a4 33. Ne1 a3 34. Nc2 a2 35. f3 Nd6 36. d5 f5 37. Kf2 f4 38. g4 Kf7 39. Ke2 Kf6 40. h4 g5 41. h5 Ke5 42. Kd2 Nb5 43. d6 Nxd6 44. Kd3 Nb5 45. Kc4 Nd4 46. Na1 Nxf3 47. Kxb4 Ke4 48. Ka3 Nd4 49. b4 f3 50. Kxa2 f2 51. b5 0-1

[Event "V Floripa Open 2019"]
[Site "Florianopolis"]
[Date "2019.01.22"]
[Round "2.136"]
[White "Dos Santos, Dwlyan Silva"]
[Black "Lima, Aine Carolina"]
[Result "1/2-1/2"]
[WhiteElo "1846"]
[BlackElo "1502"]
[PlyCount "112"]
[EventDate "2019.01.21"]
[EventType "swiss"]
[EventRounds "10"]
[EventCountry "BRA"]

1. e4 c5 2. Nf3 d6 3. d4 cxd4 4. Nxd4 Nf6 5. Nc3 g6 6. f3 Bg7 7. Be3 h5 8. h4 a6 9. Qd2 b5 10. a3 Nbd7 11. Bd3 Bb7 12. Nb3 Rc8 13. Qf2 Ne5 14. O-O O-O 15. Rfd1 Nfd7 16. Bf1 Nc4 17. Bxc4 Rxc4 18. Bd4 Qc7 19. Bxg7 Kxg7 20. Nd2 Rc5 21. Nf1 Rc8 22. Ne3 Nf6 23. Rd2 Rxc3 24. bxc3 Qxc3 25. Rdd1 d5 26. exd5 Nxd5 27. Nxd5 Bxd5 28. Qd4+ Qxd4+ 29. Rxd4 Be6 30. Rc1 Kf6 31. Kf2 Rc3 32. Rd3 Rc5 33. c3 Bf5 34. Rd4 Rc6 35. Ke3 e5 36. Rd8 Ke7 37. Ra8 Rd6 38. Ke2 Bd3+ 39. Ke1 Rc6 40. Rd1 Rxc3 41. Rxa6 Bc4 42. Ra7+ Kf6 43. Rd2 Kf5 44. Kf2 Kf4 45. g3+ Kf5 46. Kg2 Rc1 47. Rf2 Rd1 48. Rc2 Bf1+ 49. Kf2 Bc4 50. Rxc4 bxc4 51. Rxf7+ Ke6 52. Rc7 Rd4 53. a4 c3 54. Rxc3 Rxa4 55. Ke3 Kf5 56. Rb3 Rc4 1/2-1/2

[Event "V Floripa Open 2019"]
[Site "Florianopolis"]
[Date "2019.01.22"]
[Round "2.137"]
[White "Lanznaster, Rafael"]
[Black "Campagnolo, Fabiola"]
[Result "0-1"]
[WhiteElo "1470"]
[BlackElo "1797"]
[PlyCount "83"]
[EventDate "2019.01.21"]
[EventType "swiss"]
[EventRounds "10"]
[EventCountry "BRA"]

1. c4 e5 2. Nc3 Nc6 3. g3 f5 4. e3 Nf6 5. Bg2 Bc5 6. Nge2 e4 7. a3 Ne5 8. O-O Nxc4 9. d3 Nd6 10. Na4 Bb6 11. Nxb6 axb6 12. Nc3 O-O 13. Qc2 Qe7 14. dxe4 fxe4 15. Ne2 Nd5 16. Nc3 Nxc3 17. Qxc3 c6 18. Qb3+ Kh8 19. Qxb6 Nb5 20. b4 d6 21. a4 Ra6 22. Qxa6 bxa6 23. axb5 axb5 24. Rd1 Bg4 25. Rd4 Bf3 26. Bxf3 exf3 27. Bb2 h6 28. Rad1 Qe6 29. g4 h5 30. h3 hxg4 31. Rxg4 Rf7 32. Rdd4 Qf5 33. Rdf4 Qb1+ 34. Kh2 Rxf4 35. Bxg7+ Kh7 36. exf4 Qxb4 37. f5 Qxg4 38. hxg4 Kxg7 39. g5 b4 40. f6+ Kg6 41. Kg3 b3 42. Kxf3 0-1

[Event "V Floripa Open 2019"]
[Site "Florianopolis"]
[Date "2019.01.22"]
[Round "2.138"]
[White "Weise, William Ferreira"]
[Black "Vicenzi, Liziane Nathalia"]
[Result "1-0"]
[WhiteElo "1778"]
[BlackElo "1488"]
[PlyCount "59"]
[EventDate "2019.01.21"]
[EventType "swiss"]
[EventRounds "10"]
[EventCountry "BRA"]

1. d4 Nf6 2. Nf3 d5 3. Bf4 e6 4. e3 c5 5. c4 cxd4 6. Nxd4 Bb4+ 7. Nd2 Nc6 8. Nxc6 bxc6 9. cxd5 Nxd5 10. Be5 Qg5 11. Bg3 O-O 12. a3 Bxd2+ 13. Qxd2 Rd8 14. Bd3 a5 15. Qc2 Ba6 16. Bxh7+ Kh8 17. Bd3 Nxe3 18. fxe3 Bxd3 19. Qf2 Qh5 20. Rc1 Bb5 21. Qf3 Qg6 22. Be5 Rd5 23. Bd4 e5 24. Bc3 Rad8 25. Bxa5 Qd3 26. Kf2 Qg6 27. Bxd8 Rd2+ 28. Kg1 e4 29. Qg3 Qh5 30. Qh4 1-0

[Event "V Floripa Open 2019"]
[Site "Florianopolis"]
[Date "2019.01.22"]
[Round "2.155"]
[White "Carvalho, Isis"]
[Black "Durante, Taina"]
[Result "0-1"]
[WhiteElo "1396"]
[BlackElo "1723"]
[PlyCount "78"]
[EventDate "2019.01.21"]
[EventType "swiss"]
[EventRounds "10"]
[EventCountry "BRA"]

1. Nf3 d5 2. g3 Nc6 3. Bg2 Bg4 4. O-O Qd7 5. d3 O-O-O 6. c3 h5 7. b4 f6 8. a4 Bh3 9. a5 h4 10. b5 hxg3 11. fxg3 Nb8 12. Qb3 e5 13. Rd1 Bxg2 14. Kxg2 Qh3+ 15. Kg1 g5 16. b6 cxb6 17. axb6 Bc5+ 18. d4 Bxb6 19. Be3 e4 20. Nbd2 exf3 21. Nxf3 Nh6 22. Rdb1 Rd7 23. c4 Ng4 24. Bf2 Nxh2 25. Nxh2 Qxh2+ 26. Kf1 Qh1+ 27. Bg1 Bxd4 28. e3 Qf3+ 29. Ke1 Bxa1 30. cxd5 Qxd5 31. Rc1+ Nc6 32. Qa3 Qd2+ 33. Kf1 Bb2 34. Rxc6+ bxc6 35. Qb3 Qc1+ 36. Kg2 Rd2+ 37. Kf3 Qf1+ 38. Ke4 Re8+ 39. Qe6+ Rxe6# 0-1

[Event "V Floripa Open 2019"]
[Site "Florianopolis"]
[Date "2019.01.22"]
[Round "2.156"]
[White "Faria, Juliano Espezim Soa"]
[Black "Moretto, Leticia Soares"]
[Result "0-1"]
[WhiteElo "1723"]
[BlackElo "1384"]
[PlyCount "62"]
[EventDate "2019.01.21"]
[EventType "swiss"]
[EventRounds "10"]
[EventCountry "BRA"]

1. d4 Nf6 2. c4 g6 3. Nc3 Bg7 4. g3 d6 5. Bg2 O-O 6. e4 Nbd7 7. Nge2 c6 8. h3 e5 9. Be3 Re8 10. dxe5 dxe5 11. Qc2 Qc7 12. O-O b6 13. c5 Bb7 14. Rfd1 Rad8 15. Rac1 Nf8 16. cxb6 axb6 17. Nd5 Nxd5 18. exd5 c5 19. b4 Nd7 20. Rb1 Qc8 21. bxc5 Nxc5 22. Rxb6 Bf8 23. Rc1 Nd7 24. Qb2 Qa8 25. Rxb7 Ba3 26. Qb3 Bxc1 27. Bxc1 Nc5 28. Qb5 Nxb7 29. d6 Nxd6 30. Qxe8+ Rxe8 31. Bxa8 Rxa8 0-1

[Event "V Floripa Open 2019"]
[Site "Florianopolis"]
[Date "2019.01.22"]
[Round "2.157"]
[White "Araujo, Karla Priscilla Car"]
[Black "Jodorcovsky, Paulo Leonardo"]
[Result "0-1"]
[WhiteElo "1380"]
[BlackElo "1722"]
[PlyCount "44"]
[EventDate "2019.01.21"]
[EventType "swiss"]
[EventRounds "10"]
[EventCountry "BRA"]

1. e4 c5 2. Nf3 Nc6 3. d4 cxd4 4. Nxd4 Nf6 5. Nc3 e5 6. Nf3 Bb4 7. Bd3 d5 8. Nd2 Bxc3 9. bxc3 Be6 10. f3 Qa5 11. Bb2 O-O 12. Nb3 Qb6 13. Qe2 dxe4 14. Bxe4 Nxe4 15. Qxe4 f5 16. Qe2 Rfd8 17. Bc1 f4 18. Bd2 Rd7 19. O-O-O a5 20. a4 Bxb3 21. cxb3 Qxb3 22. Qb5 Nb4 0-1

[Event "V Floripa Open 2019"]
[Site "Florianopolis"]
[Date "2019.01.22"]
[Round "2.158"]
[White "Tramontini, Renan Cesar"]
[Black "Feldmann, Jaciane Rocha"]
[Result "1-0"]
[WhiteElo "1721"]
[BlackElo "1347"]
[PlyCount "79"]
[EventDate "2019.01.21"]
[EventType "swiss"]
[EventRounds "10"]
[EventCountry "BRA"]

1. e4 c5 2. Nf3 Nc6 3. d4 cxd4 4. Nxd4 g6 5. Be3 Bg7 6. c4 d6 7. Be2 Nf6 8. Nc3 O-O 9. O-O Bd7 10. Rc1 a6 11. h3 Ne8 12. Nc2 Nc7 13. Bb6 Rc8 14. Ne3 Qe8 15. Ned5 Ne6 16. Bg4 Ne5 17. b3 Nxg4 18. hxg4 Bc6 19. f4 Nc5 20. b4 Na4 21. Nxa4 Bxa4 22. Qd3 Bc6 23. f5 Be5 24. Bd4 Bxd5 25. exd5 Qa4 26. Bxe5 dxe5 27. Qb3 Qxb3 28. axb3 Rfd8 29. Rfd1 f6 30. Kf2 Kg7 31. Kf3 Kh6 32. Rh1+ Kg7 33. Ke4 Rc7 34. Rh3 Rh8 35. Rch1 Rcc8 36. Rh6 b6 37. fxg6 hxg6 38. Rxh8 Rxh8 39. Rxh8 Kxh8 40. c5 1-0

[Event "V Floripa Open 2019"]
[Site "Florianopolis"]
[Date "2019.01.22"]
[Round "2.159"]
[White "Andersson, Cristian de Oliveir"]
[Black "Do Prado, Hamilton Mesquita"]
[Result "1-0"]
[WhiteElo "1345"]
[BlackElo "1713"]
[PlyCount "72"]
[EventDate "2019.01.21"]
[EventType "swiss"]
[EventRounds "10"]
[EventCountry "BRA"]

1. c4 d6 2. Nc3 Nf6 3. Nf3 e5 4. d3 c6 5. g3 Be7 6. Bg2 h6 7. O-O Be6 8. b3 Nbd7 9. Bb2 Nf8 10. Nd2 g5 11. Nce4 Ng6 12. Nxf6+ Bxf6 13. Ne4 Be7 14. d4 f5 15. Nd2 Bd7 16. dxe5 dxe5 17. Qc2 O-O 18. c5 Be6 19. b4 Qc7 20. Nc4 Rad8 21. Rad1 Rxd1 22. Rxd1 Rd8 23. Rxd8+ Qxd8 24. Nxe5 Nxe5 25. Bxe5 Kf7 26. a4 Bf6 27. Bxf6 Qxf6 28. h3 Qd4 29. b5 cxb5 30. axb5 Qb4 31. c6 Qxb5 32. cxb7 Bc4 33. Qxc4+ Qxc4 34. b8=Q Qc5 35. Qb7+ Kf6 36. Bd5 Qe7 1-0